Taxing profit in a global economy /

Dades bibliogràfiques
Autor principal: Devereux, M. P.
Format: Electrònic eBook
Idioma:English
Publicat: Oxford University Press
Matèries:
Accés en línia:Full text available on Oxford Academic
Off-campus access
LEADER 01126pam a2200253 a 4500
001 AALebookCAM000494
003 BD-DhAAL
006 m||||||||d||||||||
007 cr||||||||||||
008 221122s9999 xxuabf fo j 001 0 eng d
020 |a 9780191845826 (ebook) : 
040 |a BD-DhAAL  |c BD-DhAAL 
100 1 |a Devereux, M. P., 
245 0 0 |h [electronic resource]  |a Taxing profit in a global economy / 
260 |b Oxford University Press 
300 |a 1 online resource 
500 |a <strong>Off-Campus Access:</strong> Athens ID and Password Required 
500 |a <strong>On-Campus Access:</strong> No User ID or Password Required 
506 |a Electronic access restricted to authorized BRAC University faculty, staff and students 
538 |a Mode of access: Internet 
650 4 |a International business enterprises;Corporations 
655 |a Electronic books  |2 Library of Congress 
856 4 0 |z Full text available on Oxford Academic  |u https://dx.doi.org/10.1093/oso/9780198808060.001.0001 
856 4 0 |z Off-campus access  |u https://go.openathens.net/redirector/bracu.ac.bd?url=https://dx.doi.org/10.1093/oso/9780198808060.001.0001